000 00788nam a22002057a 4500
999 _c178537
_d178537
005 20210406111949.0
010 _aENG-129370
020 _a978-93-8935-487-4
_c500.00
035 _aEN-112902
037 _bDBAD/PUB
082 _a004.068
100 _aRamamohan, C. V.
245 _aTowards Digital Transformation: Selected eGovernance initiatives 2019/
_cC. V. Ramamohan, Sridevi Ayaluri and N. V. Subrahmanym
260 _bBS Publications
_aHyderabad
_c2020
270 _a4-4-309/316, Giriraj Lane, Sultan Bazar
_b Hyderabad
_e500095
_minfo@bspbooks.net
_k040-23445688/600
_l91-40-23445611
300 _axxiii+403p.
_c24cm(pbk)
_bincluding tables and illustrations.
700 _aAyaluri, Sridevi
700 _aN. V. Subrahmanym
942 _2ddc
_cEN
_h004.068
_mRAM